000 00523nam a2200217Ia 4500
003 OSt
005 20230614154511.0
008 210423s2004 xx 000 0 und d
020 _a721728452
040 _cAL
041 _aeng
082 _a615.9
_223
_bDARR
100 _aDART (Richard C),Ed.
_9100459
245 _aMedical toxicology.
250 _a3
260 _aNew Jersey
_bLippincott Williams
_c2004
300 _axxix,1914
_bHB
365 _b9262
_cINR
906 _aMedical ; toxicology
942 _2ddc
_cBK
999 _c163959
_d163959